| 000 | 01215cam a2200265 i 4500 | ||
|---|---|---|---|
| 003 | SA-RiAUC | ||
| 005 | 20250321124859.0 | ||
| 008 | 250319s1996 le g 00010bara c | ||
| 040 |
_aSA-RiAUC _bara _cSA-RiAUC _erda |
||
| 082 | 0 | 4 |
_a928.1 _qSA-RiAUC |
| 090 |
_a928.1 _bم ح م |
||
| 100 | 1 |
_aمحمد كرد علي، محمد بن عبد الرزاق بن محمد، _d1876-1953 _eمؤلف. |
|
| 245 | 1 | 0 |
_aحياة العلامة أحمد تيمور رباشا : _bذكريات شخصية / _cمحمد عبد الرزاق محمد كرد علي ؛ جمعها محمد بن ناصر العجمي. |
| 250 | _aالطبعة الأولى. | ||
| 264 | 1 |
_aبيروت : _bدار البشائر الإسلامية، _c1996 |
|
| 300 |
_a95 صفحة ؛ _c24 سم |
||
| 336 |
_aنص _btxt _2rdacontent _3كتاب |
||
| 337 |
_aبدون وسيط _bn _2rdamedia |
||
| 338 |
_aمجلد _bnc _2rdacarrier |
||
| 500 | _aاهداء من محمد ناصر العجمي | ||
| 600 | 1 | 7 |
_aأحمد تيمور، أحمد بن إسماعيل بن محمد تيمور، _cباشا، _d1871-1930 _2aucnm |
| 700 | 1 |
_aالعجمي، محمد بن ناصر _eجامع. |
|
| 942 |
_2ddc _cBOOK _n0 |
||
| 949 |
_aSA-JeALM _d250319 _umohamedma123 _n1 |
||
| 999 |
_c6530 _d6530 |
||